LDR 00863naa#a2200217#i#450# 001 EN\\bibl\123444 005 20260706000306.1 011 ## _a1994-4683 100 ## _a20230731b2023####ek#y0engy0150####ca 102 ## _aRU 200 1# _aTHE IMPORTANCE OF RELAXATION TECHNIQUES TO IMPROVE ATHLETIC PERFORMANCE AS EXEMPLIFIED BY RUGBY PLAYERS _eJournal article 210 1# _aMoscow _cNational State University of Physical Education, Sports and Health named after P.F. Lesgaft _d2023 215 ## _a2 с. 608 ## _aJournal article _2local 675 ## _aПсихологические исследования, опыты, эксперименты, тесты, измерения. 159.9.072 _z 700 #1 _aGrinchenko _gV S 700 #1 _aIbragimov _gV R 700 #1 _aLukashevich _gR V 700 #1 _aFomichev _gV D 700 #1 _aPetrenko _gYana Sergeevna 856 4# _auchzapiski.lesgaft.spb.ru _u